000 00886nam a22002051i 4500
001 181131
003 ES-MaACL
005 20230906221259.0
008 121023s1909 sp |||| | spa d
100 1 _aGonzález Rivas, Alvaro.
_958913
245 1 3 _aLa organización escolar /
_cpor Álvaro González Rivas.
260 _a[Madrid :
_bJunta para Ampliación de Estudios e Investigaciones Científicas,
_c1909]
300 _aP. 255-269 ;
_c23 cm.
490 1 _aAnales de la Junta para Ampliación de Estudios e Investigaciones Científicas ;
_vt. 1, memoria 6
650 4 _aEnseñanza-
_zGran Bretaña.
_9151700
710 2 _aJunta para la Ampliación de Estudios e Investigaciones Científicas.
_95413
830 0 _aAnales de la Junta para Ampliación de Estudios e Investigaciones Científicas ;
_vt. 1, memoria 6
_9186710
852 _aES-MaACL
_jB-13157(6)
999 _c181131
_d181131